Представление документа в формате MARC21

Поле Инд. ПП Название Значение
Тип записи a
Библиографический уровень b
001 Контрольный номер RU/IS/BASE/307107547
005 Дата корректировки 20200630193239.0
008 Кодируемые данные 20090924
040 b Код языка каталог. rus
e Правила каталог. PSBO
041 0_ a Код языка текста rus
084 a Индекс другой классификации/Индекс ББК 81.411.2-2
100 1_ a Автор Всеволодова М. В.
100 1_ a Автор Панков Ф. И.
245 10 a Заглавие К вопросу о категориальном характере актуального членения и его роли в русском высказывании
n Номер части/ раздела Статья 2
500 a Примечание Статья 1 см.: "Вестник Московского университета. Сер 9. Филология", № 1 / 2008
504 a Библиография Библиогр. - Примеч.: с. 31 - 33
650 14 a Основная рубрика грамматика
a Основная рубрика русский язык
a Основная рубрика филологические науки
a Основная рубрика частное языкознание
a Основная рубрика языкознание
653 1_ a Ключевые слова высказывание
a Ключевые слова интонационные конструкции
a Ключевые слова интонация
a Ключевые слова коммуникативные роли
a Ключевые слова лексика
a Ключевые слова линейно-интонационная структура
a Ключевые слова предложение
a Ключевые слова синтаксис
773 08 t Заглавие источника Вестник Московского университета. Серия 9, Филология
d Дата издания источника 2009
g Прочая информация № 1. - С. 9 - 33 : табл.
w Контрольный № источника RU/IS/BASE/299591630
901 t Тип документа b